000 02088nam0a2200373 4500
001 RU\NLR\BIBL_A\022192739
005 20241121113925.0
010 _a978-5-907758-87-2
_9500
021 _aRU
_bКН-П-24-013036
_9КН-П-24-1359
035 _a(NLR Aleph) 022192739
090 _a13018367
_c13018367
100 _a20240410d2023 k y0rusy50 ca
101 0 _arus
102 _aRU
105 _aab z 000yy
181 0 _ai3
_baxxe
182 0 _an
200 1 _aОсобенности ящура крупного рогатого скота на Северном Кавказе
_eмонография
_fО. Ю. Черных, Ш. В. Вацаев, А. Г. Кощаев [и др.]
_gФГБОУ ВО "Кубанский государственный аграрный университет имени И. Т. Трубилина", ФГБОУ ВО "Чеченский государственный университет имени А. А. Кадырова"
203 _aТекст
_bвизуальный
_cнепосредственный
210 _aКраснодар
_cКубГАУ
_d2023
215 _a132 с.
_cил., табл., карты
_d21
300 _aАвт. указаны на обороте тит. с.
320 _aБиблиогр.: с. 113-130 (161 назв.) и в тексте
606 1 _aЯщур крупного рогатого скота
_xЭпизоотии
_yКавказ Северный
_92589309
_3RU\NLR\AUTH\6601740207
686 1 _aП873.217-911(2Р37)
701 1 _7ca
_8rus
_aЧерных
_bО. Ю.
_f1966-
_gОлег Юрьевич
_947665
_3RU\NLR\AUTH\7764736
701 1 _aВацаев
_bШ. В.
_gШахаб Вахидович
701 1 _aКощаев
_bА. Г.
_f1974-
_gАндрей Георгиевич
712 0 2 _4475
_aКубанский государственный аграрный университет им. И. Т. Трубилина
_cКраснодар
_92644546
_3RU\NLR\AUTH\880618071
942 _cBOOK
980 _aNB